01229nam a2200229 i 4500001000700000003000900007005001700016008004100033080001900074100004400093245036400137260005500501300001900556530003500575594006400610650001900674700004200693852003900735856006900774999001900843952013700862187480ES-MaACL20230906222935.0170822s1786 sp |||| | spa d a616.98:578.8241 aLeroux, Laurent-Charles-Pierre.916353310aDisertacion acerca de la rabia : bespontanea o de causa interna, y de causa externa o comunicada por la mordedura de animales rabiosos... /cescrita en francés por Mr. Le-Roux... ; traducida al castellano, ilustrada con un discurso en que se expone la descripcion de la rabia del hombre y de los animales... por el Doctor Don Bartholomé Piñera y Siles. aMadrid : bEn la Imp. de D. Josef Doblado, c1786. a288 p. ; ccm. aDisponible en formato digital. aEncabezamiento tomado del Cat. de la Bibl. Nac. de París. 4aRabia.91368001 aPiñera y Siles, Bartolomé.992271 aES-MaACLjR-1386 x Olim: G-15140 uhttps://archive.org/details/b28761637/page/n6 zInternet Archive c187480d187480 001040708Colección_digitalaATENEOMbATENEOMcDEPOd2017-08-22eSCl0oR-1386p1197945r2023-02-23 00:00:00w2023-02-23yMONANT